Puzzle - Mots Zaïque #4 - Statistiques

Statistiques générales
  • Ce quiz a été pris 1 003 fois
  • Le résultat moyen est 8 sur 16
Réponses sur la Carte
Les réponses sont colorées sur une échelle allant du rouge au vert en fonction du pourcentage des utilisateurs qui les ont devinées à leur premier essai. Vous pouvez retrouver ces pourcentages ci-dessous.
 
Statistiques - réponses
Réponse % Correct
DI
57%
RE
56%
IN
55%
NE
55%
ND
54%
VE
52%
FE
49%
GE
48%
RI
48%
TE
48%
CT
43%
ME
43%
IF
41%
OR
41%
EF
40%
UN
39%
Aucun quiz correspondant
Distribution des résultats
% des personnes avec chaque résultat
Percentile par nombre de réponses
Votre historique - résultats
Vous n’avez pas pris ce quiz